000 01226nam a2200229Ia 4500
001 L200-55372
003 IT-CnALBA
008 170116s9999||||xx |||||||||||||| ||und||
040 _aIT-CnALBA
_cIT-CnALBA
041 _aITALIANO
100 _aCACCIARI MASSIMO
245 0 _aCONFLITTI VIOLENZA PACE: SFIDA ALLE RELIGIONI.
250 _a1a ed.
260 _a MILANO BOLOGNA
_bANCORA EDITRICE
_c2001 [1° Ed.:2001 - Ed.Ling.Originale: 2001]
300 _a252 p.
500 _aPERCORSI ECUMENICI. A CURA DEL SEGRETARIATO ATTIVITÀ CONFLITTO VERITÀ PACE. DAL MOTIVO DI CONFLITTO ALLA SPERANZA DI PACE. INTERVENTI CEC PER LA PACE TRA LE RELIGIONI. DICHIARAZIONE CONGIUNTA LUTERANO CATTOLICA SULLA GIUSTIFICAZIONE. BIRMELÈ A. CAMMINO DI
501 _aSocietà San Paolo EM - Piazza San Paolo, 14 - 12051 ALBA (CN) (non commercial uses only) ® Copyright 2017
520 _aPERCORSI ECUMENICI. A CURA DEL SEGRETARIATO ATTIVITÀ CONFLITTO VERITÀ PACE. DAL MOTIVO DI CONFLITTO ALLA SPERANZA DI PACE. INTERVENTI CEC PER LA PACE TRA LE RELIGIONI. DICHIARAZIONE CONGIUNTA LUTERANO CATTOLICA SULLA GIUSTIFICAZIONE. BIRMELÈ A. CAMMINO DI
650 _aRELIGIONE - RELIGIONE CRISTIANA
942 _cBK
957 _71
999 _a72872
_bNO
_g Copie: 1
_c314224
_d314224